MARC

LEADER 00000nam0a2200000 4500
001 350364
005 20231102010308.0
035 |a (RuTPU)RU\TPU\retro\4389 
035 |a RU\TPU\book\67183 
090 |a 350364 
100 |a 20190124d1952 km y0rusy50 ca 
101 0 |a rus 
102 |a RU 
105 |a a z 000zy 
200 1 |a Стабилизаторы напряжения  |f И. Г. Гольдреер 
210 |a Москва  |a Ленинград  |c Госэнергоиздат  |d 1952 
215 |a 232 с.  |c ил. 
606 |a Стабилизаторы напряжения  |x Надежность  |2 stltpush  |3 (RuTPU)RU\TPU\subj\56127  |9 74041 
610 1 |a построение 
610 1 |a схемы 
610 1 |a элементы 
610 1 |a применение 
675 |a 621.316.722.1  |v 3 
700 1 |a Гольдреер  |b И. Г.  |g Иона Гутелевич 
801 1 |a RU  |b 63413507  |c 20040511  |g PSBO 
801 2 |a RU  |b 63413507  |c 20190124  |g PSBO 
942 |c BK